| 000 | 00963nac a22002891i 4500 | ||
|---|---|---|---|
| 003 | EG-ScBUE | ||
| 005 | 20241221105621.0 | ||
| 008 | 241221s2003 gw a f b 001 0 eng d | ||
| 020 | _a3540015280 (hc : alk. paper) | ||
| 020 | _a9783540015284 | ||
| 040 |
_aEG-ScBUE _beng _erda _cEG-ScBUE _dEG-ScBUE |
||
| 082 | 0 | 4 |
_a523.7 _bLEC _222 |
| 245 | 0 | 0 |
_aLectures on solar physics / _cH.M. Antia, A. Bhatnagar, P. Ulmschneider, eds. |
| 264 | 1 |
_aBerlin ; _aNew York : _bSpringer, _c2003. |
|
| 300 |
_axi, 335 pages : _billustrations ; _c25 cm. |
||
| 336 |
_2rdacontent _atext _btxt |
||
| 337 |
_aunmediated _2rdamedia _bn |
||
| 338 |
_avolume _bnc _2rdacarrier |
||
| 490 | 0 | _aLecture notes in physics | |
| 504 | _aIncludes bibliographical references and index. | ||
| 651 | 7 |
_aSun. _2BUEsh |
|
| 655 | _vReading book | ||
| 700 | 1 |
_aAntia, H. M., _eeditor. |
|
| 700 | 1 |
_aBhatnagar, A., _eeditor. |
|
| 700 | 1 |
_aUlmschneider, P. _q(Peter), _d1938- _eeditor. |
|
| 942 |
_cBB _2ddc |
||
| 999 |
_c2224 _d2224 |
||